| 000 | 01047nas a2200337 4500 | ||
|---|---|---|---|
| 001 | BR2011006718 | ||
| 003 | BR-BrBNA | ||
| 005 | 20231205115726.0 | ||
| 007 | ta | ||
| 008 | 230509b bl.|||p| |||| 00| 00por d | ||
| 040 |
_aBR-BrBNA _bpor _cBiblioteca Nacional de Agricultura |
||
| 041 | _a(Pt) | ||
| 072 | _aL53 | ||
| 100 | 1 | _aFerreira, M.B.D. | |
| 100 | 1 | _aLopes, B.C. | |
| 100 | 1 | _aAzevedo, N.A. | |
| 100 | 1 | _aFernandes, L.O. | |
| 100 | 1 | _aRibeiro, S.H.A. | |
| 100 | 1 | _aMarques Junior, C.A. | |
| 100 | 1 | _aRocha, A.A. | |
| 245 | 1 | _aDescrição de ciclo estral curto no puerpério de multíparas Bos Taurus Indicus da raça Gir leiteiro | |
| 246 | 1 | _aPostpartum ovarian activity and short cycles on multiparous milking Gir cows | |
| 650 | _aGADO GIR | ||
| 650 | _aGADO LEITEIRO | ||
| 650 | _aCICLO ESTRAL | ||
| 650 | _aPÓS-PARTO | ||
| 650 | _aCORPO LÚTEO | ||
| 773 | 0 |
_tFazu em Revista (Brazil) _xISSN 1806-1699 _g(2007), v. 4 p. 68-72 _wBR2011006718 |
|
| 909 |
_a202311 _bLúcia _c55 _dLúcia Elande |
||
| 942 |
_2AGRIS _n0 _cANA |
||
| 999 |
_c215400 _d215400 |
||